[Event "Toronto NAYCC U14 Girls"]
[Site "Toronto"]
[Date "2013.08.16"]
[Round "5"]
[White "Thanabalachandran, Luxiga"]
[Black "Kathirkamar, Vaanie"]
[Result "1-0"]
[WhiteElo "1030"]
[BlackElo "1001"]
[PlyCount "93"]
[EventDate "2013.08.14"]
[EventType "swiss"]
[EventRounds "9"]
[EventCountry "CAN"]
[SourceTitle "EXT 2022"]
[Source "ChessBase"]
[SourceDate "2021.10.06"]
[SourceVersion "1"]
[SourceVersionDate "2021.10.06"]
[SourceQuality "1"]

1. e4 e5 2. Nf3 Nc6 3. Nc3 Nf6 4. Bb5 Bb4 5. d3 0-0 6. Bxc6 bxc6 7. Nxe5 d5 8. Nxc6 Bxc3+ 9. bxc3 Qd6 10. exd5 Nxd5 11. Na5 Nxc3 12. Qf3 Be6 13. Nb3 Rfe8 14. 0-0 Nd5 15. Bb2 Bc8 16. c4 Bb7 17. cxd5 Bxd5 18. Qg3 Qh6 19. Rfe1 f6 20. Qxc7 Bxb3 21. axb3 Qd2 22. Rxe8+ Rxe8 23. Qc4+ Kh8 24. Bc3 Qc2 25. Bd4 Qe2 26. Be3 h6 27. h3 Qh5 28. Rxa7 f5 29. Qf7 Qxf7 30. Rxf7 Rb8 31. d4 Rxb3 32. Rd7 Kg8 33. Rc7 Rb1+ 34. Rc1 Rxc1+ 35. Bxc1 Kf8 36. Bb2 g6 37. Kf1 Ke7 38. Ke2 h5 39. Ke3 g5 40. f3 Kd6 41. g3 Ke6 42. Kd3 Kd5 43. Ba1 Kc6 44. Kc4 g4 45. hxg4 hxg4 46. d5+ Kd7 47. fxg4 1-0

[Event "Toronto NAYCC U14 Girls"]
[Site "Toronto"]
[Date "2013.08.15"]
[Round "2"]
[White "Zhou, Qiyu"]
[Black "Kathirkamar, Vaanie"]
[Result "1-0"]
[WhiteElo "2119"]
[BlackElo "1001"]
[PlyCount "55"]
[EventDate "2013.08.14"]
[EventType "swiss"]
[EventRounds "9"]
[EventCountry "CAN"]
[SourceTitle "EXT 2022"]
[Source "ChessBase"]
[SourceDate "2021.10.06"]
[SourceVersion "1"]
[SourceVersionDate "2021.10.06"]
[SourceQuality "1"]

1. e4 e5 2. Nf3 Nc6 3. Bb5 a6 4. Ba4 d6 5. c3 Nf6 6. d3 Be7 7. 0-0 0-0 8. Nbd2 b5 9. Bc2 d5 10. exd5 Nxd5 11. Re1 Bd6 12. Ne4 Nf6 13. Nxf6+ Qxf6 14. Bg5 Qe6 15. d4 Qe8 16. Qd3 f5 17. dxe5 Be7 18. Qd5+ Kh8 19. Bxe7 Qxe7 20. Qxc6 Be6 21. Nd4 Bd7 22. Qxc7 g5 23. e6 Rad8 24. exd7 Qxd7 25. Qe5+ Kg8 26. Bb3+ Rf7 27. Nxf5 Kf8 28. Qh8# 1-0

[Event "Toronto NAYCC U14 Girls"]
[Site "Toronto"]
[Date "2013.08.14"]
[Round "1"]
[White "Kathirkamar, Vaanie"]
[Black "Pobereshnikova, Agniya"]
[Result "0-1"]
[WhiteElo "1001"]
[BlackElo "1547"]
[PlyCount "80"]
[EventDate "2013.08.14"]
[EventType "swiss"]
[EventRounds "9"]
[EventCountry "CAN"]
[SourceTitle "EXT 2022"]
[Source "ChessBase"]
[SourceDate "2021.10.06"]
[SourceVersion "1"]
[SourceVersionDate "2021.10.06"]
[SourceQuality "1"]

1. e4 c5 2. Ne2 d6 3. g3 Nf6 4. Bg2 g6 5. c3 Bg7 6. 0-0 Nc6 7. d4 cxd4 8. cxd4 0-0 9. Nbc3 Bd7 10. h3 Qc8 11. Kh2 Qc7 12. Be3 Rac8 13. Rc1 Qa5 14. Qd2 a6 15. a3 b5 16. Ra1 Ne8 17. d5 Ne5 18. Bh6 f5 19. Bxg7 Kxg7 20. b4 Qb6 21. Nf4 Nf6 22. exf5 Bxf5 23. Kh1 Rc4 24. Rfe1 Rfc8 25. Rac1 Qc7 26. Nfe2 Nd3 27. g4 Nxe1 28. Rxe1 Bd7 29. g5 Nh5 30. Ng3 Nxg3+ 31. fxg3 Bf5 32. Ne2 Rf8 33. Nf4 Re8 34. Ne6+ Bxe6 35. Rxe6 Rc1+ 36. Kh2 Qc3 37. Qf4 Re1 38. Rxg6+ hxg6 39. Qh4 Rh8 40. Qf4 Qe3 0-1